| 000 | 003580000a22001450004500 | ||
|---|---|---|---|
| 003 | MACL | ||
| 040 | _aMACL | ||
| 090 |
_c6416 _d6415 |
||
| 100 | _asharma, C.K. | ||
| 245 | _aDocumentation Information Science And Automation In Libraries | ||
| 260 |
_bY. K. Publishers _c1988 |
||
| 350 | _a180 | ||
| 650 | _aLibrary And Information Science | ||
| 942 |
_cBOOK _k020 |
||
| 999 |
_c6368 _d6368 |
||